[Event "Deutsche Ländermeisterschaft 2015"]
[Site "Hannover GER"]
[Date "2015.10.03"]
[Round "1"]
[White "Lange, Jannis"]
[Black "Browning, Rebecca"]
[Result "1-0"]
[Termination "normal"]
[Board "8.6"]
[WhiteElo "1741"]
[BlackElo "1589"]
[WhiteTeam "Mecklenburg-Vorpommern"]
[BlackTeam "Nordrhein-Westfalen"]
[PlyCount "109"]
[WhiteFideId "12993107"]
[BlackFideId "12984027"]
[EventCountry "GER"]
[EventRounds "7"]
[EventType "team-swiss"]
[EventDate "2015.10.02"]

1. e4 b6 2. Nf3 Bb7 3. Nc3 e6 4. d4 d6 5. Bd3 Nd7 6. Qe2 Be7 7. Bd2 Ngf6 8.
O-O-O O-O 9. h4 c5 10. e5 dxe5 11. dxe5 Bxf3 12. gxf3 Ne8 13. Rdg1 Kh8 14. f4
Rg8 15. Bxh7 Rf8 16. Qh5 Nef6 17. exf6 Nxf6 18. Qg5 Ne8 19. Qg2 Kxh7 20. Ne4
Bf6 21. Nxf6+ Qxf6 22. Qxa8 Qd4 23. Be3 Qa4 24. a3 Qc4 25. Qg2 Qa2 26. c3 Rg8
27. Qg4 Nf6 28. Qg5 a5 29. h5 Nd5 30. Qg6+ Kh8 31. Qxf7 Nxc3 32. bxc3 Qxa3+ 33.
Kd2 Rd8+ 34. Ke2 Qa2+ 35. Kf3 Qd5+ 36. Kg3 a4 37. Kh4 Rg8 38. Rh2 Qe4 39. Rhg2
Qh7 40. Qg6 a3 41. Qxh7+ Kxh7 42. Ra1 Ra8 43. Rg6 b5 44. Bxc5 Rc8 45. Bb4 Rc4
46. Kg3 Re4 47. Rxa3 e5 48. fxe5 Rxe5 49. Kg4 Re4+ 50. f4 Re2 51. Ra7 Rg2+ 52.
Kf5 Rxg6 53. hxg6+ Kh6 54. Ra8 Kh5 55. Rh8# 1-0

[Event "Deutsche Ländermeisterschaft 2015"]
[Site "Hannover GER"]
[Date "2015.10.03"]
[Round "1"]
[White "Kracht, Raphael"]
[Black "Troyke, Jannis"]
[Result "1-0"]
[Termination "normal"]
[Board "8.7"]
[WhiteElo "1532"]
[BlackElo "1877"]
[WhiteTeam "Nordrhein-Westfalen"]
[BlackTeam "Mecklenburg-Vorpommern"]
[PlyCount "43"]
[WhiteFideId "16214382"]
[BlackFideId "12993115"]
[EventCountry "GER"]
[EventRounds "7"]
[EventType "team-swiss"]
[EventDate "2015.10.02"]

1. e4 c5 2. Nf3 d6 3. d4 cxd4 4. Nxd4 Nf6 5. Nc3 g6 6. Be3 Bg7 7. f3 O-O 8. Qd2
Nc6 9. g4 d5 10. g5 Ne8 11. exd5 Nb4 12. O-O-O Nxd5 13. Nb3 e6 14. Nxd5 exd5
15. Bc5 Qc7 16. Bxf8 Kxf8 17. Qxd5 Be6 18. Qc5+ Qxc5 19. Nxc5 Bf5 20. Bd3 Bh3
21. Rhe1 Bg2 22. Be4 1-0